| 000 | 02215cam a22003618i 4500 | ||
|---|---|---|---|
| 001 | 23336387 | ||
| 003 | URS | ||
| 005 | 20250206173954.0 | ||
| 008 | 230927s2024 nju 001 0 eng c | ||
| 010 | _a 2023045098 | ||
| 020 |
_a9781119667834 _q(paperback) |
||
| 020 |
_z9781119667827 _q(adobe pdf) |
||
| 020 |
_z9781119667810 _q(epub) |
||
| 040 |
_aWaSeSS/DLC _beng _erda _cDLC |
||
| 042 | _apcc | ||
| 050 | 0 | 0 |
_aP241 _b.P86 2024 |
| 082 | 0 | 0 |
_a415/.9 _223/eng/20231002 _bP9697 2024 |
| 100 | 1 |
_aPunske, Jeffrey, _eauthor. |
|
| 245 | 1 | 0 |
_aMorphology : _ba distributed morphology introduction / _cJeffrey P Punske. |
| 263 | _a2312 | ||
| 264 | 1 |
_aHoboken, New Jersey : _bWiley-Blackwell, _c[2024] |
|
| 300 | _apages cm | ||
| 336 |
_atext _btxt _2rdacontent |
||
| 337 |
_aunmediated _bn _2rdamedia |
||
| 338 |
_avolume _bnc _2rdacarrier |
||
| 500 | _aIncludes index. | ||
| 520 |
_a"Morphology: A Distributed Morphology Introduction provides a thorough overview of the Distributed Morphology framework by using a variety of data and problem sets from a diverse selection of the world's languages. This textbook focuses on the technical details of morphology and Distributed Morphology, whilst also training students in scientific and linguistic thinking and expression. Thirteen chapters are split into two parts -- part one: The Basics of Morphology' offer undergraduate and graduate students with an introduction to morphology from the perspective of Distributed Morphology including categorising, combining, and manipulating features, and part two: Developing a Framework' offers and investigation into more advance topics such as The Mirror Principle and Morphosyntactic Operations. Pedagogical features throughout every chapter in addition to an instructor companion website, make this textbook an ideal introduction to the field of Morphology for students globally."-- _cProvided by publisher. |
||
| 650 | 0 |
_aGrammar, Comparative and general _xMorphology. |
|
| 776 | 0 | 8 |
_iOnline version: _aPunske, Jeffrey. _tMorphology _dHoboken, New Jersey : Wiley-Blackwell, [2024] _z9781119667827 _w(DLC) 2023045099 |
| 906 |
_a7 _bcbc _corignew _d1 _eecip _f20 _gy-gencatlg |
||
| 942 |
_2lcc _cFR |
||
| 999 |
_c82034 _d82033 |
||